La isla del tesoro / (Registro nro. 8905)

Detalles MARC
000 -LEADER
fixed length control field 00694nam a22002417a 4500
001 - CONTROL NUMBER
control field 00260
003 - CONTROL NUMBER IDENTIFIER
control field DO-SdBNP
005 - DATE AND TIME OF LATEST TRANSACTION
control field 20180130134438.0
008 - FIXED-LENGTH DATA ELEMENTS--GENERAL INFORMATION
fixed length control field 151125b 1990 sp xxu||||| |||| 00| 0 spa d
020 ## - INTERNATIONAL STANDARD BOOK NUMBER
International Standard Book Number 8475618901
040 ## - CATALOGING SOURCE
Original cataloging agency BPMSU
Language of cataloging spa
Transcribing agency BPMSU
092 ## - LOCALLY ASSIGNED DEWEY CALL NUMBER (OCLC)
Classification number xxxxx
Item number xxxxx
100 1# - MAIN ENTRY--PERSONAL NAME
Personal name Stevenson, Robert Louis,
Titles and words associated with a name 1850-1894.
245 10 - TITLE STATEMENT
Title La isla del tesoro /
Statement of responsibility, etc. Robert Louis Stevenson.
260 ## - PUBLICATION, DISTRIBUTION, ETC. (IMPRINT)
Place of publication, distribution, etc. Barcelona :
Name of publisher, distributor, etc. Editors,
Date of publication, distribution, etc. 1990.
300 ## - PHYSICAL DESCRIPTION
Extent 153 p. ;
Dimensions 18 cm.
490 1# - SERIES STATEMENT
Series statement Grandes Escritores Universales
830 #0 - SERIES ADDED ENTRY--UNIFORM TITLE
Uniform title Grandes Escritores Universales
910 ## - USER-OPTION DATA (OCLC)
User-option data 00260
942 ## - ADDED ENTRY ELEMENTS (KOHA)
Source of classification or shelving scheme Dewey Decimal Classification
Koha item type Libros
945 ## - LOCAL PROCESSING INFORMATION (OCLC)
a Inventariado extranjero / 2018 VM
956 ## - LOCAL ELECTRONIC LOCATION AND ACCESS (OCLC)
Host name Lorenza Pérez
Access number 10
Existencias
Withdrawn status Lost status Source of classification or shelving scheme Damaged status Not for loan Collection code Home library Current library Date acquired Source of acquisition Total Checkouts Barcode Date last seen Copy number Price effective from Koha item type
    Dewey Decimal Classification     Colección General Biblioteca Pública Metropolitana Salomé Ureña Biblioteca Pública Metropolitana Salomé Ureña 11/25/2015 Donación   BPMSU15110475 11/25/2015 11/25/2015 Libros